LEADER 02880nam 2200649Ia 450 001 9910450450403321 005 20200520144314.0 010 $a0-19-802600-5 010 $a1-280-45161-0 010 $a0-19-535673-X 010 $a1-4237-3573-0 035 $a(CKB)1000000000028787 035 $a(EBL)241413 035 $a(OCoLC)475956615 035 $a(SSID)ssj0000252449 035 $a(PQKBManifestationID)11219490 035 $a(PQKBTitleCode)TC0000252449 035 $a(PQKBWorkID)10180785 035 $a(PQKB)10166261 035 $a(MiAaPQ)EBC241413 035 $a(Au-PeEL)EBL241413 035 $a(CaPaEBR)ebr10085421 035 $a(CaONFJC)MIL45161 035 $a(EXLCZ)991000000000028787 100 $a19941207d1996 uy 0 101 0 $aeng 135 $aur|n|---||||| 181 $ctxt 182 $cc 183 $acr 200 00$aStretching the imagination$b[electronic resource] $erepresentation and transformation in mental imagery /$fCesaro Cornoldi ... [et al.] 210 $aNew York $cOxford University Press$dc1996 215 $a1 online resource (206 p.) 225 1 $aCounterpoints 300 $aDescription based upon print version of record. 311 $a0-19-509947-8 311 $a0-19-509948-6 320 $aIncludes bibliographical references and index. 327 $aContents; 1. Counterpoints in Perception and Mental Imagery: Introduction; 2. When Imagery Fails: Effects of Verbal Receding on Accessibility of Visual Memories; 3. The Many Faces of Mental Images; 4. The Nonambiguity of Mental Images; 5. Ducks, Rabbits, and Hedgehogs: Resolution, Impasse, or Fostered Debate?; Index; A; B; C; D; E; F; G; H; I; L; M; N; O; P; R; S; T; U; V; W 330 $aThis is the first volume in the Counterpoints Series, which explores the issues being debated in psychology, child development, linguistics, and neuroscience. Each volume consists of the presentation of three or four extensive chapters by researchers representing key points of view on the issue. This text examines one of the liveliest areas of debate in psychology today, the relationship between perception and mental imagery. A variety of recent studies have pointed to the existence of a strong relationship between memory and mental representation, while others have shown that images are open 410 0$aCounterpoints (Oxford University Press) 606 $aMental representation 606 $aPerception 606 $aImagery (Psychology) 608 $aElectronic books. 615 0$aMental representation. 615 0$aPerception. 615 0$aImagery (Psychology) 676 $a153.3/2 701 $aCornoldi$b Cesare$0437867 801 0$bMiAaPQ 801 1$bMiAaPQ 801 2$bMiAaPQ 906 $aBOOK 912 $a9910450450403321 996 $aStretching the imagination$91908202 997 $aUNINA LEADER 04085 am 2200745 n 450 001 9910348260503321 005 20191015 010 $a2-35668-179-5 024 7 $a10.4000/books.alpara.4612 035 $a(CKB)4100000009763121 035 $a(FrMaCLE)OB-alpara-4612 035 $a(oapen)https://directory.doabooks.org/handle/20.500.12854/43936 035 $a(PPN)241653347 035 $a(EXLCZ)994100000009763121 100 $a20191104j|||||||| ||| 0 101 0 $afre 135 $auu||||||m|||| 181 $ctxt$2rdacontent 182 $cc$2rdamedia 183 $acr$2rdacarrier 200 13$aLa construction monumentale en Haute-Savoie du XIIe au XVIIe siècle $eDe la carrière au bâti /$fAnne Baud, Anne Schmitt 210 $aLyon $cAlpara$d2019 215 $a1 online resource (132 p.) 311 $a2-35668-065-9 330 $aCet ouvrage livre les résultats d?une enquête pluridisciplinaire réalisée en Haute-Savoie sur l?architecture monumentale entre le XIIe et le XVIIe siècle. La région montagneuse qui recouvre en grande partie l?ancien diocèse de Genève comprend de nombreuses ressources en pierres à bâtir d?aspect et de qualité variés. L?étude archéologique croisée avec la connaissance géologique du territoire et l?apport des sources textuelles (comptes de châtellenie) permet de procéder à une analyse fine du bâti en tentant de répondre à différentes questions telles que : quelles sont les pierres utilisées, d?où proviennent-elles, comment sont-elles transportées jusqu?au chantier, comment sont-elles employées dans le bâtiment ? À l?issue de cette enquête, peut-on parler d?une utilisation raisonnée des matériaux dans les grands édifices tels que les châteaux et les églises ? Si l?approvisionnement sur toute la période est manifestement local, on distingue deux grandes phases dans la construction monumentale ; la première du XIIe à la fin du XVe siècle, et la seconde à partir du XVIe siècle. Au cours de la période médiévale les bâtisseurs utilisent essentiellement des roches tendres (tuf, molasse) ou de ramassage, tandis qu?à l?époque moderne ils emploient davantage les roches dures (différents calcaires dont le plus utilisé est le faciès urgonien). La transition vers l?époque moderne constitue une véritable révolution architecturale, qui au-delà des progrès techniques répond à des exigences esthétiques liées au mouvement de la Renaissance. Cette enquête sur l?architecture monumentale de la Haute-Savoie a permis de mettre en évidence des pratiques de construction utilisant de façon rationnelle les ressources géologiques du territoire. Elle renouvelle l?approche d?un patrimoine construit en milieu montagnard et nous invite à poursuivre de semblables prospections dans d?autres régions voisines. 606 $aArchaeology 606 $aHaute-Savoie 606 $aancien diocèse de Genève 606 $aarchitecture 606 $aéglise 606 $achâteau 606 $aMoyen Âge 606 $aModerne 606 $aRenaissance 606 $apierre à bâtir 606 $acarrière 610 $aRenaissance 610 $aMoyen Âge 610 $acarrière 610 $aHaute-Savoie 610 $aancien diocèse de Genève 610 $achâteau 610 $aéglise 610 $aModerne 610 $aarchitecture 610 $apierre à bâtir 615 4$aArchaeology 615 4$aHaute-Savoie 615 4$aancien diocèse de Genève 615 4$aarchitecture 615 4$aéglise 615 4$achâteau 615 4$aMoyen Âge 615 4$aModerne 615 4$aRenaissance 615 4$apierre à bâtir 615 4$acarrière 700 $aBaud$b Anne$0779665 701 $aSchmitt$b Anne$01282837 701 $aSerralongue$b Joël$01314572 801 0$bFR-FrMaCLE 906 $aBOOK 912 $a9910348260503321 996 $aLa construction monumentale en Haute-Savoie du XIIe au XVIIe siècle$93031867 997 $aUNINA